000 00915nam a2200265 4500
001
003 DO-SdBNP
005 20230123083000.0
008 100720s2010 mx 000 0 spa d
020 _a9786070302084
040 _aBNPHU
_bspa
_cBPMSU
049 _a
082 _a980.02
_bH673c 2010
_222
245 0 0 _aHistoria comparada de las Américas :
_bsus procesos independentistas /
_cRobert S. Barker ... [et al.] ; Patricia Galeana, coordinadora.
260 _aMéxcio D.F. :
_bSiglo XXI Editores
_c2010
300 _a781 p. ;
_c24 cm.
500 _aIncluye referencias bibliográficas y notas al pie de las páginas
590 _6Inventariado, 2022/VM
651 4 _aAmérica
_xHistoria
_yGuerras de independencia, 1806-1830.
651 4 _aAmérica
_xPolítica y gobierno.
700 1 _aGaleana, Patricia,
_d1946-
700 1 _aBarker, Robert S,
_d1941-
910 _aVMateo V. /Validado
942 _2ddc
_cBK
999 _c13070
_d13070